Plánování a kalkulace ve společnosti Preciosa, a.s. popis postupu činností a návrh změn

Charakteristika a poslanie firmy Preciosa. Úlohy a prínosy funkčného controllingu vo firme. Analýza plánovania a kalkulácie v jednotlivých krokoch. Zhodnotenie stanoveného postupu a návrh zmien z hľadiska záväznosti a času.

Gespeichert in:
Bibliographische Detailangaben
1. Verfasser: Cvrkalová, Jitka
Format: Buchkapitel
Sprache:Tschechisch
Schlagworte:
Tags: Tag hinzufügen
Keine Tags, Fügen Sie das erste Tag hinzu!

MARC

LEADER 00000naa$a2200000$$$4500
001 0051578
005 20230509081411.3
041 0 |a cze 
044 |a CZ 
245 1 0 |a Plánování a kalkulace ve společnosti Preciosa, a.s.  |b popis postupu činností a návrh změn  |c Jitka Cvrkalová 
520 |a Charakteristika a poslanie firmy Preciosa. Úlohy a prínosy funkčného controllingu vo firme. Analýza plánovania a kalkulácie v jednotlivých krokoch. Zhodnotenie stanoveného postupu a návrh zmien z hľadiska záväznosti a času. 
610 2 0 |a optimalizácia 
610 2 0 |a réžia správna 
610 2 0 |a výsledok hospodársky 
610 2 0 |a výnosy 
610 2 0 |a kalkulácia nákladov 
610 2 0 |a výroba 
610 2 0 |a rozpočty 
610 2 0 |a náklady prvotné 
610 2 0 |a príprava odborná 
610 2 0 |a plánovanie podnikové 
610 2 0 |a plánovanie operatívne 
610 2 0 |a kontroling 
610 2 0 |a jednotka podnikateľská 
100 1 |a Cvrkalová, Jitka